00925nam a22002657a 45000010005000000030006000050050017000110080041000280200018000690400029000870500017001160820010001331000027001432450076001702600055002463000056003014900025003575050007003825200152003895210021005415210018005626500023005806500022006037000034006259399FISKH20251219145100.0251219b cb ||||| |||| 00| 0 eng d a9781419721373 aFISKHbengcFISKHdFISKH aPZ8.B38447 A a813.6 aBeaty, Andrea eAuthor aAda twist, scientist /cby Andrea Beaty ; illustrated by David Roberts  aNew York :bAbrams Books for Young Readers ,c2016 a32 unnumbered pages :bcolor illustrations ;c29 cm aThe questioneers v2 aN  aAda Twist is a very curious girl who shows perseverance by asking questions and performing experiments to find things out and understand the world.8 a550 bLexile AD 8 aN bRaz-Plus  aRhyming vScience aScientists vSTEM aRoberts, David eIllustrator